|
|
|
|
| LEADER |
00682nam a22002052a 4500 |
| 001 |
000149924 |
| 003 |
CZ BrMZK |
| 005 |
20040225141311.0 |
| 008 |
010907s1993 xr f cze d |
| 015 |
|
|
|a cnb000326372
|
| 040 |
|
|
|a BOA001
|b cze
|
| 080 |
|
|
|a 541.13.001.24
|2 MRF
|
| 100 |
1 |
|
|a Bartovská, Lidmila
|7 mzk2003193068
|
| 245 |
1 |
0 |
|a Elektrochemické výpočty /
|c Lidmila Bartovská, Michal Bureš.
|
| 260 |
|
|
|a Praha :
|b Vysoká škola chemicko-technologická,
|c 1993
|
| 300 |
|
|
|a 75 s.
|
| 700 |
1 |
|
|a Bureš, Michal
|7 jn19981000377
|
| 910 |
|
|
|a BOA001
|b TK-A-0252.083
|
| 990 |
|
|
|a BK
|
| 996 |
7 |
|
|b 2629985489
|c TK-A-0252.083
|l MZK
|r Sklad / do 24 hodin
|n 2
|w 000149924
|u 000010
|a 1
|e BOA001
|j MZK50
|s A
|